Statistics for Countries Harrison Ford has visited

Click here to take the quiz!

General Stats

  • This quiz has been taken 25 times
  • The average score is 17 of 24

Answer Stats

ContinentCountry% Correct
OceaniaAustralia
100%
EuropeUnited Kingdom
100%
North AmericaUnited States of America
100%
South AmericaBrazil
95%
North AmericaCanada
95%
AsiaChina
95%
EuropeItaly
95%
Asia/ EuropeRussia
95%
South AmericaArgentina
90%
South AmericaPeru
90%
EuropeFrance
80%
South AmericaParaguay
75%
EuropeSpain
75%
AsiaUnited Arab Emirates
70%
AsiaVietnam
70%
EuropeGreece
60%
EuropeHungary
55%
AsiaIndonesia
50%
EuropeNorway
45%
AfricaRwanda
40%
AfricaTunisia
40%
AfricaTanzania
35%
AsiaJordan
30%
AsiaSri Lanka
10%

Score Distribution

Percentile by Number Answered

Percent of People with Each Score

Your Score History

You have not taken this quiz